00271nam a2200109Ia 4500008004100000041000800041082001600049100001700065245005100082260002100133365000700154230303s9999 xx 000 0 und d aeng a005.268 MEI aMEIER (Reto) aProfessional and roidy Application Development aNEW DELHIbWiley cRS